Score 0/50 Timer 04:00
0 Plays Today
Christmas Song Missing Word % Correct
______ WonderlandWinter
95.2%
Let It ______Snow
94.9%
Santa Claus is Coming to ______Town
93.2%
Jingle ______Bells
93%
O Come All Ye ______Faithful
91%
______ the HallsDeck
89.9%
It's ______ to Look a Lot Like ChristmasBeginning
89.4%
Frosty the ______Snowman
88.9%
It's the Most ______ Time of the YearWonderful
87%
I'll Be ______ for ChristmasHome
87%
The Little ______ BoyDrummer
86%
Rudolph the ______ ReindeerRed-nosed
84.1%
O ______ Town of BethlehemLittle
83.8%
O Holy ______Night
83.1%
______ NightSilent
82.2%
Away in a ______Manger
81.6%
______ Got Run Over By a ReindeerGrandma
81.6%
White ______Christmas
81.5%
Do They ______ It's Christmas?Know
81%
______ to the WorldJoy
79.9%
The Twelve ______ of ChristmasDays
79.1%
Feliz ______Navidad
78.7%
Jingle Bell ______Rock
77.4%
Hark! The ______ Angels SingHerald
77%
We Three ______ Kings
76.6%
Christmas Song Missing Word % Correct
The ______ NoelFirst
76.2%
I Saw ______ Kissing Santa ClausMommy
75.9%
God Rest Ye ______ GentlemenMerry
75.8%
Do You _____ What I _____?Hear
74.6%
Have ______ a Merry Little ChristmasYourself
74.5%
It Came Upon a ______ ClearMidnight
74.2%
O Christmas ______Tree
72.8%
Rockin' _____ the Christmas TreeAround
72.4%
_____ Comes Santa ClausHere
71.6%
Go Tell It On the ______Mountain
70.8%
_____ RideSleigh
70.3%
We _____ You a Merry ChristmasWish
69.7%
You're a Mean One, Mr. ______Grinch
69%
_____ We Have Heard On HighAngels
67.9%
A Holly ______ ChristmasJolly
64.5%
(There's No Place Like) Home for the _____Holidays
64.2%
What ______ Is This?Child
62.3%
______ BabySanta
59.4%
The ______ and the IvyHolly
49.8%
O _____, O _____, EmmanuelCome
48.7%
______ of the BellsCarol
47.7%
The Chipmunk Song (Christmas Don't Be _____)Late
47.3%
______ Shepherds Watched Their FlocksWhile
44.8%
I Saw Three ______Ships
34.7%
Good King ______Wenceslas
30.7%

Today's Daily Dose

Remove Ads.
Support Sporcle.
Get the best of Sporcle when you Go Orange. This ad-free experience offers more features, more stats, and more fun while also helping to support Sporcle. Thank you for becoming a member.

You're not logged in!

Compare scores with friends on all Sporcle quizzes.
OR
Log In

Sporcle TV

Today on Sporcle TV


Watch our educational content, quiz creation guides, and fun videos on Sporcle TV.

Show Comments

Extras

Top Quizzes Today


Score Distribution

Paid Content

Your Account Isn't Verified!

In order to create a playlist on Sporcle, you need to verify the email address you used during registration. Go to your Sporcle Settings to finish the process.

Report this User

Report this user for behavior that violates our Community Guidelines.

Details: